[Event "CZE-chT2D 1213"]
[Site "Czech Republic"]
[Date "2012.10.14"]
[Round "1.8"]
[White "Just, Pavel"]
[Black "Outulny, Pavel"]
[Result "1-0"]
[WhiteElo "2053"]
[BlackElo "2084"]
[PlyCount "85"]
[EventDate "2012.10.14"]
[EventType "team-tourn"]
[EventRounds "11"]
[EventCountry "CZE"]
[SourceTitle "EXT 2016"]
[Source "ChessBase"]
[SourceDate "2015.10.08"]
[SourceVersion "1"]
[SourceVersionDate "2015.10.08"]
[SourceQuality "1"]
[WhiteTeam "Polabiny III"]
[BlackTeam "Pardubice Rapid II"]
[WhiteTeamCountry "CZE"]
[BlackTeamCountry "CZE"]

1. e4 c5 2. c4 Nc6 3. Nf3 Qb6 4. Nc3 e6 5. d3 Be7 6. g3 d6 7. Bg2 Nf6 8. 0-0 0-0 9. Rb1 a6 10. Be3 e5 11. b4 Qc7 12. bxc5 dxc5 13. Na4 Rd8 14. Nb6 Rb8 15. Nd5 Nxd5 16. cxd5 Nd4 17. Nxe5 Nb5 18. Nc4 Nc3 19. Qb3 Ne2+ 20. Kh1 b5 21. Nd2 Bg4 22. Qc2 Qe5 23. Nf3 Bxf3 24. Bxf3 Nd4 25. Qd1 Nxf3 26. Qxf3 Rb6 27. Rfc1 Rf6 28. Qg2 Qc7 29. f4 Rg6 30. e5 Bf8 31. d6 Qd7 32. Rxc5 Qe6 33. Bg1 h5 34. Rf1 f5 35. Qd5 h4 36. Kg2 hxg3 37. hxg3 Kh7 38. Qxe6 Rxe6 39. d4 Kg6 40. Rfc1 b4 41. Bf2 Ree8 42. Rc6 Kf7 43. d5 1-0

[Event "CZE-chT2c 0607"]
[Site "Czech Republic"]
[Date "2007.03.11"]
[Round "9.6"]
[White "Crha, Pavel"]
[Black "Outulny, Pavel"]
[Result "0-1"]
[WhiteElo "2119"]
[BlackElo "2204"]
[PlyCount "80"]
[EventDate "2006.10.15"]
[EventType "team"]
[EventRounds "11"]
[EventCountry "CZE"]
[SourceTitle "EXT 2008"]
[Source "ChessBase"]
[SourceDate "2007.11.25"]
[SourceVersion "1"]
[SourceVersionDate "2007.11.25"]
[SourceQuality "1"]
[WhiteTeam "Mlada Boleslav"]
[BlackTeam "AVE Kontakt"]
[WhiteTeamCountry "CZE"]
[BlackTeamCountry "CZE"]

1. e4 c5 2. c3 g6 3. d4 cxd4 4. cxd4 Nf6 5. Nc3 d6 6. Nf3 Bg7 7. Be2 0-0 8. 0-0 Nc6 9. h3 a6 10. a4 d5 11. e5 Ne4 12. Be3 Nxc3 13. bxc3 f6 14. exf6 exf6 15. c4 Be6 16. Rb1 Rf7 17. c5 Qd7 18. Rb6 Re8 19. Qd2 g5 20. Rfb1 Qc8 21. Bd3 Nd8 22. Qc2 Bf8 23. Nd2 g4 24. hxg4 Bxg4 25. Nf1 Nc6 26. Qb2 Bf5 27. Bxf5 Qxf5 28. Ng3 Qg6 29. Qa2 Rxe3 30. Qxd5 Ne7 31. Qxb7 Rxg3 32. fxg3 Qxg3 33. R6b3 Qh4 34. Qd7 Qe4 35. Rc1 Nf5 36. Qc8 Rg7 37. g3 Nxg3 38. Kh2 Nf5 39. Rg1 Qh4+ 40. Rh3 Qf2+ 0-1

[Event "CZE-chT2c 0607"]
[Site "Czech Republic"]
[Date "2007.02.25"]
[Round "8.6"]
[White "Outulny, Pavel"]
[Black "Gebert, Marcel"]
[Result "1/2-1/2"]
[WhiteElo "2204"]
[BlackElo "2068"]
[PlyCount "102"]
[EventDate "2006.10.15"]
[EventType "team"]
[EventRounds "11"]
[EventCountry "CZE"]
[SourceTitle "EXT 2008"]
[Source "ChessBase"]
[SourceDate "2007.11.25"]
[SourceVersion "1"]
[SourceVersionDate "2007.11.25"]
[SourceQuality "1"]
[WhiteTeam "AVE Kontakt"]
[BlackTeam "Praha Pankrac II"]
[WhiteTeamCountry "CZE"]
[BlackTeamCountry "CZE"]

1. c4 e6 2. e3 f5 3. b3 Nf6 4. Bb2 Be7 5. Nf3 d5 6. Be2 c6 7. 0-0 0-0 8. d3 Nbd7 9. Nbd2 Qe8 10. Qc2 h6 11. Rad1 a5 12. Rfe1 Bb4 13. a3 Bxd2 14. Qxd2 b6 15. cxd5 cxd5 16. Rc1 Ba6 17. b4 e5 18. Rc7 e4 19. dxe4 Bxe2 20. Rxe2 fxe4 21. Ne1 Qh5 22. h3 axb4 23. axb4 Ra2 24. Rc2 g5 25. Bxf6 Rxc2 26. Qxc2 Nxf6 27. Qd1 g4 28. Rd2 Qh4 29. g3 Qxh3 30. Rxd5 Nxd5 31. Qxd5+ Rf7 32. Ng2 Kf8 33. Qxf7+ Kxf7 34. Nf4 Ke7 35. Nxh3 gxh3 36. Kh2 Kd6 37. Kxh3 Kc6 38. Kg4 Kb5 39. Kf5 Kxb4 40. Kxe4 Kc4 41. f4 b5 42. f5 b4 43. f6 b3 44. f7 b2 45. f8Q b1Q+ 46. Ke5 Qb2+ 47. Ke6 Qb6+ 48. Kf5 Qxe3 49. Qc8+ Kd3 50. Qa6+ Kd2 51. Qa5+ Ke2 1/2-1/2

[Event "CZE-chT2c 0607"]
[Site "Czech Republic"]
[Date "2006.12.03"]
[Round "4.4"]
[White "Petran, Jan"]
[Black "Outulny, Pavel"]
[Result "0-1"]
[WhiteElo "2133"]
[BlackElo "2204"]
[PlyCount "64"]
[EventDate "2006.10.15"]
[EventType "team"]
[EventRounds "11"]
[EventCountry "CZE"]
[SourceTitle "EXT 2008"]
[Source "ChessBase"]
[SourceDate "2007.11.25"]
[SourceVersion "1"]
[SourceVersionDate "2007.11.25"]
[SourceQuality "1"]
[WhiteTeam "Liberec"]
[BlackTeam "AVE Kontakt"]
[WhiteTeamCountry "CZE"]
[BlackTeamCountry "CZE"]

1. d4 Nf6 2. Nf3 e6 3. g3 c5 4. Bg2 Nc6 5. 0-0 cxd4 6. Nxd4 Be7 7. c4 Qb6 8. Nc2 0-0 9. Nc3 d6 10. b3 Bd7 11. e4 Rad8 12. h3 Ne5 13. Ne3 Bc6 14. f4 Ned7 15. Kh2 Rfe8 16. g4 Nc5 17. Qc2 Qc7 18. b4 Na6 19. a3 Bd7 20. Ne2 d5 21. e5 Ne4 22. Bb2 Rc8 23. Rac1 Qd8 24. Qd1 Nc7 25. cxd5 exd5 26. Rxc7 Qxc7 27. Nxd5 Qc2 28. Bd4 Qxd1 29. Rxd1 Ba4 30. Re1 Bh4 31. Ra1 Rc2 32. Ng1 Bc6 0-1

[Event "CZE-chT2c 0607"]
[Site "Czech Republic"]
[Date "2006.11.05"]
[Round "2.6"]
[White "Efler, David"]
[Black "Outulny, Pavel"]
[Result "1-0"]
[WhiteElo "2183"]
[BlackElo "2204"]
[PlyCount "111"]
[EventDate "2006.10.15"]
[EventType "team"]
[EventRounds "11"]
[EventCountry "CZE"]
[SourceTitle "EXT 2008"]
[Source "ChessBase"]
[SourceDate "2007.11.25"]
[SourceVersion "1"]
[SourceVersionDate "2007.11.25"]
[SourceQuality "1"]
[WhiteTeam "Polabiny II"]
[BlackTeam "AVE Kontakt"]
[WhiteTeamCountry "CZE"]
[BlackTeamCountry "CZE"]

1. e4 c5 2. Nf3 e6 3. d4 cxd4 4. Nxd4 Nc6 5. Be3 Nf6 6. Bd3 Be7 7. Nc3 0-0 8. 0-0 d6 9. f3 a6 10. Qe1 Nd7 11. Qg3 Nxd4 12. Bxd4 e5 13. Be3 Bh4 14. Qh3 Nc5 15. g4 b5 16. Rad1 Bb7 17. Bxb5 Ne6 18. Bc4 Bg5 19. Bf2 Nf4 20. Qg3 Rc8 21. Bd3 Ng6 22. Ne2 Qa5 23. a3 Rfe8 24. Rfe1 Qd8 25. Qg2 Qf6 26. c4 Rb8 27. b4 Red8 28. Bc2 Rbc8 29. Bb3 Bc6 30. Rd3 Qe7 31. Red1 Qc7 32. Qf1 h6 33. Qe1 Be7 34. Be3 Nh4 35. Qg3 g5 36. Qf2 Qb7 37. Ng3 Bd7 38. Nf5 Nxf5 39. gxf5 Kh7 40. h3 f6 41. Bb6 Re8 42. a4 Rb8 43. a5 Bc6 44. Qe2 Bf8 45. R3d2 Qf7 46. Rd3 Qh5 47. Qg2 Qh4 48. Qg4 h5 49. Qxh4 gxh4 50. Rxd6 Bxd6 51. Rxd6 Ba8 52. Rxf6 Rg8+ 53. Kf2 Rbc8 54. b5 axb5 55. cxb5 Rg7 56. Be3 1-0

[Event "CZE-chTV 0102"]
[Site "Czech Republic"]
[Date "2001.??.??"]
[Round "7"]
[White "Benes, Petr"]
[Black "Outulny, Pavel"]
[Result "1/2-1/2"]
[WhiteElo "2139"]
[BlackElo "2196"]
[PlyCount "90"]
[EventDate "2001.??.??"]
[EventType "team"]
[EventRounds "11"]
[EventCountry "CZE"]
[SourceTitle "EXT 2003"]
[Source "ChessBase"]
[SourceDate "2002.11.25"]
[SourceVersion "1"]
[SourceVersionDate "2002.11.25"]
[SourceQuality "1"]
[WhiteTeam "Polabiny"]
[BlackTeam "Infinity C"]
[WhiteTeamCountry "CZE"]
[BlackTeamCountry "CZE"]

1. e4 c5 2. Nf3 d6 3. g3 g6 4. Bg2 Bg7 5. 0-0 Nf6 6. Re1 0-0 7. c3 Nc6 8. h3 Re8 9. d4 cxd4 10. cxd4 d5 11. e5 Ne4 12. Nc3 f5 13. Qb3 e6 14. Ne2 a5 15. Nh2 a4 16. Qd1 Ng5 17. Nf4 Nf7 18. Be3 a3 19. b3 Nb4 20. Qd2 Qb6 21. Rec1 Bd7 22. Bf1 Rec8 23. Nd3 Nxd3 24. Qxd3 Nd8 25. Nf3 Nc6 26. Ne1 Nb4 27. Qd2 Bf8 28. Nd3 Nxd3 29. Qxd3 Kf7 30. Bd2 Ke8 31. Kg2 Rxc1 32. Rxc1 Rc8 33. Rxc8+ Bxc8 34. Qc3 Bd7 35. b4 Bc6 36. Bd3 Be7 37. Kf3 Kf7 38. h4 Bf8 39. Ke3 Be7 40. f4 Bb5 41. Qxa3 Bxd3 42. Kxd3 Qb5+ 43. Kc2 Qc4+ 44. Bc3 Qe2+ 45. Bd2 Qc4+ 1/2-1/2

[Event "CZE-chTV"]
[Site "Czech Republic"]
[Date "1998.??.??"]
[Round "?"]
[White "Zahorbensky, Jaroslav"]
[Black "Outulny, Pavel"]
[Result "1-0"]
[WhiteElo "2160"]
[BlackElo "2225"]
[PlyCount "115"]
[EventDate "1998.??.??"]
[EventType "team"]
[EventRounds "11"]
[EventCountry "CZE"]
[SourceTitle "EXT 2003"]
[Source "ChessBase"]
[SourceDate "2002.11.25"]
[SourceVersion "1"]
[SourceVersionDate "2002.11.25"]
[SourceQuality "1"]

1. e4 c5 2. Nf3 e6 3. d3 Nc6 4. g3 d6 5. Bg2 Be7 6. 0-0 Nf6 7. Nbd2 e5 8. Re1 h6 9. Nf1 Be6 10. c3 Qd7 11. d4 cxd4 12. cxd4 Bg4 13. d5 Nd4 14. Be3 Bxf3 15. Bxf3 Nxf3+ 16. Qxf3 0-0 17. Kg2 Rfc8 18. Bd2 Qg4 19. Qxg4 Nxg4 20. f3 Nf6 21. Rac1 Nd7 22. Be3 Bd8 23. Kf2 Kf8 24. Ke2 Ke7 25. g4 Kf8 26. Ng3 Bh4 27. Rh1 Bxg3 28. hxg3 Ke7 29. g5 hxg5 30. Bxg5+ f6 31. Be3 Nf8 32. Kd3 Kd7 33. Rh8 Rxc1 34. Bxc1 Ke7 35. Be3 Rc8 36. a3 b6 37. b4 Rc7 38. Rh2 Kd7 39. b5 Ke7 40. Rh8 Kf7 41. Bd2 g5 42. Bb4 Rd7 43. Rh1 Kg6 44. Ke3 f5 45. Rc1 fxe4 46. fxe4 Kh5 47. Rc6 Rf7 48. Bxd6 Nd7 49. Rc7 Kg4 50. Rxd7 Rxd7 51. Bxe5 Kh5 52. Kd4 Kg6 53. Bb8 Rb7 54. Bd6 Kf6 55. e5+ Kf5 56. e6 Kf6 57. Be5+ Kf5 58. g4+ 1-0

[Event "CZE-chT1a"]
[Site "Czech Republic"]
[Date "1995.??.??"]
[Round "?"]
[White "Outulny, Pavel"]
[Black "Joukl, Zdenek"]
[Result "0-1"]
[WhiteElo "2240"]
[BlackElo "2165"]
[PlyCount "89"]
[EventDate "1995.??.??"]
[EventType "team"]
[EventRounds "11"]
[EventCountry "CZE"]
[SourceTitle "EXT 1997"]
[Source "ChessBase"]
[SourceDate "1996.11.15"]
[SourceVersion "1"]
[SourceVersionDate "1996.11.15"]
[SourceQuality "1"]

1. e4 d6 2. d4 Nf6 3. Nc3 c6 4. Bg5 Qb6 5. Qd2 Nbd7 6. Nf3 e5 7. Bxf6 gxf6 8. g3 Be7 9. Bg2 Nf8 10. 0-0 Ng6 11. Na4 Qc7 12. c4 Bg4 13. h3 Be6 14. c5 Rd8 15. dxe5 dxe5 16. Qe3 0-0 17. h4 Rfe8 18. b3 Kh8 19. Rad1 Rxd1 20. Rxd1 Rd8 21. Rxd8+ Qxd8 22. Qd2 Qc8 23. Kh2 Nf8 24. b4 Nd7 25. a3 a5 26. Qc3 Qa8 27. bxa5 Qa6 28. Ng1 Qb5 29. Nb2 Qxc5 30. Qd2 Qxa3 31. Bh3 Bb4 32. Qe2 Bxh3 33. Nxh3 Qxa5 34. Qg4 Qd8 35. h5 Bf8 36. Qf5 Qe7 37. g4 Qe6 38. Qf3 Bh6 39. Nd1 b5 40. Ne3 Bxe3 41. fxe3 h6 42. Kg3 Kg7 43. Qe2 b4 44. Nf2 Nc5 45. Qc2 0-1